Geography Quiz

Random Geography or Blitz Quiz
Score 0/12 Timer 00:30
0 Plays Today
Question Answer Wrong Answers
Dublin is the capital of Ireland. True
81.7%
False
2.2%
Buenos Aires is the capital of Argentina. True
80.6%
False
3%
Spanish Town is the capital of Jamaica. False
78.5%
True
5.5%
San José is the capital of Costa Rica. True
74.6%
False
8.8%
Ulaanbaatar is the capital of Mongolia. True
73.2%
False
10.2%
Huambo is the capital of Angola. False
67.2%
True
15.6%
Juba is the capital of South Sudan. True
64.7%
False
18.4%
Brikama is the capital of The Gambia. False
61.9%
True
20.7%
GabĂș is the capital of Guinea-Bissau. False
56.4%
True
26.2%
Manama is the capital of Bahrain. True
53.7%
False
29.5%
Dar es Salaam is the capital of Tanzania. False
51.3%
True
32.3%
Belize City is the capital of Belize. False
47.4%
True
36.7%
Remove Ads.
Support Sporcle.
Get the best of Sporcle when you Go Orange. This ad-free experience offers more features, more stats, and more fun while also helping to support Sporcle. Thank you for becoming a member.

You're not logged in!

Compare scores with friends on all Sporcle quizzes.
OR
Log In

Show Comments

Extras

Top Quizzes Today


Score Distribution

Your Account Isn't Verified!

In order to create a playlist on Sporcle, you need to verify the email address you used during registration. Go to your Sporcle Settings to finish the process.

Report this User

Report this user for behavior that violates our Community Guidelines.

Details: